[Event "SLO-chT U16"]
[Site "Debeli Rtic"]
[Date "2015.05.16"]
[Round "4"]
[White "Vasiljevic, Jan"]
[Black "Umer, Zak"]
[Result "1/2-1/2"]
[WhiteElo "1616"]
[BlackElo "1306"]
[PlyCount "82"]
[EventDate "2015.05.15"]
[EventType "swiss"]
[EventRounds "6"]
[EventCountry "SLO"]
[SourceTitle "EXT 2023"]
[Source "ChessBase"]
[SourceDate "2022.10.05"]
[SourceVersion "1"]
[SourceVersionDate "2022.10.05"]
[SourceQuality "1"]

1. e4 e5 2. Nf3 Nc6 3. Nc3 Nf6 4. d4 d6 5. Bb5 Bd7 6. 0-0 a6 7. Bxc6 Bxc6 8. dxe5 dxe5 9. Nxe5 Qxd1 10. Rxd1 Bd7 11. Nxd7 Nxd7 12. Nd5 Bd6 13. Be3 0-0 14. Ne7+ Bxe7 15. Rxd7 Bd6 16. f4 Rad8 17. Rxd8 Rxd8 18. Rd1 f6 19. e5 fxe5 20. fxe5 Be7 21. Rxd8+ Bxd8 22. Kf2 Kf7 23. Kf3 h5 24. g4 g6 25. g5 Ke7 26. h4 b6 27. b4 Kf7 28. a3 Ke7 29. a4 Kd7 30. Ke4 Ke6 31. Bf2 Be7 32. c3 Bd8 33. a5 bxa5 34. bxa5 Be7 35. Ba7 Bf8 36. Bb8 c6 37. Ba7 Ba3 38. Be3 Be7 39. Bd4 Ba3 40. Be3 Be7 41. Bd4 Ba3 1/2-1/2

[Event "Nova Gorica op-A 19th"]
[Site "Nova Gorica"]
[Date "2014.02.01"]
[Round "3"]
[White "Mikolic, Martin"]
[Black "Vasiljevic, Jan"]
[Result "1/2-1/2"]
[WhiteElo "1774"]
[BlackElo "1481"]
[PlyCount "57"]
[EventDate "2014.01.31"]
[EventType "swiss"]
[EventRounds "9"]
[EventCountry "SLO"]
[SourceTitle "CBM 158 Extra"]
[Source "ChessBase"]
[SourceDate "2014.02.28"]
[SourceVersion "1"]
[SourceVersionDate "2014.02.28"]
[SourceQuality "1"]

1. e4 e5 2. Nf3 Nc6 3. d4 exd4 4. Bc4 Nf6 5. e5 d5 6. Bb5 Ne4 7. Nxd4 Bc5 8. 0-0 Bd7 9. Bxc6 bxc6 10. Be3 Bxd4 11. Qxd4 0-0 12. Nd2 Nxd2 13. Bxd2 Be6 14. f4 f5 15. Bb4 Rf7 16. Bc5 Qb8 17. Rf3 a6 18. Rb3 Qc8 19. Qa4 d4 20. Rd3 Rb8 21. Rxd4 Rb5 22. Rad1 Rd7 23. b4 Rxd4 24. Rxd4 Bd7 25. c4 Rb8 26. Qd1 Be6 27. Qf3 Qe8 28. Qd3 h6 29. Qd2 1/2-1/2

[Event "SLO-chT U16"]
[Site "Rogla"]
[Date "2013.05.10"]
[Round "1"]
[White "Markocic, Tine"]
[Black "Vasiljevic, Jan"]
[Result "1-0"]
[WhiteElo "1759"]
[BlackElo "1538"]
[PlyCount "65"]
[EventDate "2013.05.10"]
[EventType "team-swiss"]
[EventRounds "6"]
[EventCountry "SLO"]
[SourceTitle "EXT 2015"]
[Source "ChessBase"]
[SourceDate "2014.11.20"]
[SourceVersion "1"]
[SourceVersionDate "2014.11.20"]
[SourceQuality "1"]

1. e4 e5 2. Bc4 Nf6 3. d3 Nc6 4. Nc3 Be7 5. f4 d6 6. Nf3 Bg4 7. 0-0 Nd4 8. Kh1 0-0 9. Ne2 Nxf3 10. gxf3 Be6 11. Bb3 Bxb3 12. axb3 Qd7 13. f5 d5 14. Ng3 Bc5 15. Qe2 Qc6 16. Bg5 Nd7 17. Nh5 h6 18. Bh4 g6 19. exd5 Qd6 20. b4 Bb6 21. Ng3 Qxb4 22. Ne4 g5 23. Qg2 Kh7 24. f6 Rg8 25. Bxg5 Nc5 26. Qh3 Rg6 27. Bd2 Qxb2 28. Rg1 Rag8 29. Ng5+ Rxg5 30. Bxg5 Rxg5 31. Rxg5 Qxa1+ 32. Rg1 Nxd3 33. Qf5+ 1-0